| 000 | 00689nam a22002175i 4500 | ||
|---|---|---|---|
| 001 | 176201 | ||
| 003 | ES-MaACL | ||
| 005 | 20230906220022.0 | ||
| 008 | 101223s1968 sp o |||| | cat d | ||
| 080 | _a908(460.23) | ||
| 100 | 1 |
_aVicente, Josep. _9144496 |
|
| 245 | 1 | 0 |
_aGarrotxa, Empordà, Gironés, Selva / _cJosep Vicente, Ferran Bosch. |
| 260 |
_aBarcelona : _bTàber, _cD. L. 1968. |
||
| 300 |
_a242, [43] p. : _bfot. bl. y n. ; _c24 cm. |
||
| 490 | 1 |
_aCatalunya Visió ; _v5 |
|
| 651 | 4 |
_aCataluña- _xDescripción. _98009 |
|
| 700 | 1 |
_aBosch, Ferran. _9144497 |
|
| 830 | 0 |
_aCatalunya Visió ; _v5 _9189971 |
|
| 852 |
_aES-MaACL _jE-13874 _xOlim P-1321 |
||
| 999 |
_c176201 _d176201 |
||